000 01578cab a2200385 4500
001 ABS55208
008 090401t1996 xxu||||| |||| 00| 0 eng d
035 _a(Sirsi) u14823
041 _aeng
100 _aWilkinson, H.
245 _aCovenant to carry on a business
260 _c1996
350 _a0
490 _aNew Law Journal
_v146(6745) 24 May 1996, 757-758(2)
520 _aExamines the courts` approach in a case of non-compliance with terms of lease. Considers "Co-operative Insurance Society Ltd v Argyll Stores (Holdings) Ltd" in which a supermarket was closed despite a lease obligation to keep the premises open for retail. Comments on similar cases.
650 _aBOOTS THE CHEMISTS LTD V PINKLAND LTD
650 _aBRADDON TOWERS LTD V INTERNATIONAL STORES LTD
650 _aBREACH OF COVENANTS
650 _aCO-OPERATIVE INSURANCE SOCIETY LTD V ARGYLL STORES (HOLDINGS) LTD
650 _aCOSTAIN PROPERTY DEVELOPMENTS LTD V FINLAY & CO LTD
650 _aDOWTY BOULTON PAUL LTD V WOLVERHAMPTON CORPORATION
650 _aGRAVESHAM BC V BRITISH RAILWAYS BOARD
650 _aHILLSBOROUGH SHOPPING CENTRE
650 _aHOOPER V BRODRICK
650 _aLEASES
650 _aLORD ABINGER V ASHTON
650 _aPOWELL DUFFRYN STEAM CO V TAFF VALE RAILWAY CO
650 _aREDLAND BRICKS LTD V MORRIS
650 _aRETAIL PARKS INVESTMENTS V ROYAL BANK OF SCOTLAND
650 _aSAFEWAY
650 _aTRANSWORLD LAND CO LTD V J SAINSBURY PLC
690 _aLANDLORD AND TENANT-BUSINESS TENANCIES
942 _n0
948 _c04/03/1997
999 _c9678
_d9678